000 00334nam a2200133Ia 4500
008 100328s9999 xx 000 0 und d
082 _b2307
100 _aBelden Jack
245 _aChina Shakes The World
260 _bVictor Gollancz Ltd.
630 _aChina Shakes The World
730 _aChina Shakes The World
942 _cBOOK
999 _c498522
_d498519